[Event "12th ch-Euro Seniors"]
[Site "Kaunas LTU"]
[Date "2012.08.26"]
[Round "9.37"]
[White "Sevenyuk,A"]
[Black "Marks,I"]
[Result "0-1"]
[WhiteElo "1925"]
[BlackElo "1947"]

1.e4 d6 2.d4 Nf6 3.Nc3 c6 4.f3 Nbd7 5.Be3 e5 6.Nge2 Be7 7.Qd2 b5 8.a3 a6
9.h4 Nb6 10.b3 Qc7 11.g4 h5 12.g5 Nfd7 13.Bh3 exd4 14.Nxd4 Ne5 15.Bxc8 c5
16.O-O-O cxd4 17.Bxd4 Rxc8 18.Rhf1 O-O 19.f4 Ng4 20.Bxb6 Qxc3 21.Qxc3 Rxc3
22.f5 Rfc8 23.f6 Rxc2+ 24.Kb1 gxf6 25.gxf6 Bxf6 26.Bd4 Bxd4 27.Rxd4 R8c6
28.b4 R2c4 29.Rd5 Ne5 30.Rg1+ Kf8  0-1

[Event "BDO Premier 2012"]
[Site "Haarlem NED"]
[Date "2012.08.27"]
[Round "3.1"]
[White "Nijboer,F"]
[Black "Kuzmicz,K"]
[Result "1/2-1/2"]
[WhiteElo "2535"]
[BlackElo "2464"]

1.e4 d6 2.d4 Nf6 3.Nc3 e5 4.Nf3 Nbd7 5.Bc4 Be7 6.O-O O-O 7.Re1 c6 8.a4 a5
9.h3 exd4 10.Nxd4 Nc5 11.Bf4 Be6 12.Bf1 Qb6 13.Qf3 Qb4 14.Rad1 Rad8 15.b3 Nfd7
16.Ncb5 Nxa4 17.c3 Qc5 18.bxa4 cxb5 19.axb5 Ne5 20.Qg3 a4 21.Ra1 a3 22.Be3 Qxc3
23.Rec1 Qb4 24.f4 Nd7 25.f5 Bb3 26.Nxb3 Qxb3 27.Bc4 Qa4 28.Bh6 Bf6 29.Rxa3 Qb4
30.Rb3 Qa4 31.Ra3 Qb4 32.Rb3 Qa4 33.Ra3 Qb4  1/2-1/2

[Event "e2e4 Hinckley Open 2012"]
[Site "Hinckley ENG"]
[Date "2012.08.27"]
[Round "6.5"]
[White "Barnes,M"]
[Black "Shaw,P"]
[Result "0-1"]
[WhiteElo "2220"]
[BlackElo "2168"]

1.d4 d6 2.e4 Nf6 3.Nc3 c6 4.f3 Nbd7 5.Be3 e5 6.a4 Be7 7.Bc4 Nf8 8.Nge2 Be6
9.d5 Bd7 10.a5 c5 11.O-O Ng6 12.b4 cxb4 13.Nb5 Qc8 14.Qd3 a6 15.Na7 Qb8 16.Rfb1 Rxa7
17.Rxb4 O-O 18.Kh1 Ra8 19.Rab1 Bb5 20.Bxb5 axb5 21.Rxb5 Qc8 22.Bd2 Nd7  0-1

[Event "40th Olympiad Open"]
[Site "Istanbul TUR"]
[Date "2012.08.28"]
[Round "1.48"]
[White "Stojanovic,Da"]
[Black "Rowe,P"]
[Result "1-0"]
[WhiteElo "2495"]
[BlackElo "1987"]

1.e4 d6 2.d4 Nf6 3.Nc3 e5 4.Nf3 Nbd7 5.Bc4 Be7 6.O-O O-O 7.Re1 c6 8.a4 a5
9.h3 Nb6 10.Bd3 Nfd7 11.Ne2 c5 12.c3 c4 13.Bc2 Qc7 14.Ng3 Rd8 15.Nh2 Nf8
16.f4 Bh4 17.Qf3 exf4 18.Bxf4 Ng6 19.Bd2 Rf8 20.Rf1 Bxg3 21.Qxg3 Bd7 22.h4 f6
23.h5 Nh8 24.Bh6 Be8 25.Bf4 Nc8 26.Ng4 Nf7 27.Nxf6+ Kh8 28.Nd5 Qd8 29.Bg5 Qd7
30.h6  1-0

[Event "40th Olympiad Women"]
[Site "Istanbul TUR"]
[Date "2012.08.28"]
[Round "1.47"]
[White "Narva,R"]
[Black "Salim-Moussa,Seydi"]
[Result "1-0"]
[WhiteElo "2042"]
[BlackElo "1806"]

1.e4 d6 2.d4 Nf6 3.Nc3 Nbd7 4.Nf3 e5 5.Be2 c6 6.O-O Be7 7.dxe5 Nxe5 8.Nd4 O-O
9.f4 Ned7 10.Bf3 Nb6 11.a4 d5 12.e5 Ne8 13.b3 c5 14.Nde2 d4 15.a5 Nd7 16.Nd5 Nc7
17.Nxe7+ Qxe7 18.a6 Rb8 19.axb7 Bxb7 20.Rxa7 Bxf3 21.Rxf3 Nb5 22.Ra1 Nb6
23.Qd3 Nd5 24.c4  1-0

[Event "40th Olympiad Women"]
[Site "Istanbul TUR"]
[Date "2012.08.28"]
[Round "1.34"]
[White "Revo,T"]
[Black "Bedrosian,D"]
[Result "1-0"]
[WhiteElo "2058"]
[BlackElo "1796"]

1.e4 d6 2.d4 Nf6 3.Nc3 Nbd7 4.Nf3 e5 5.Be2 c6 6.O-O Be7 7.dxe5 Nxe5 8.Nd4 O-O
9.f4 Ned7 10.Bf3 Nb6 11.a4 d5 12.e5 Ne8 13.b3 c5 14.Nde2 d4 15.a5 Nd7 16.Nd5 Nc7
17.Nxe7+ Qxe7 18.a6 Rb8 19.axb7 Bxb7 20.Rxa7 Bxf3 21.Rxf3 Nb5 22.Ra1 Nb6
23.Qd3 Nd5 24.c4 dxc3 25.Qxd5 Rfd8 26.Qc4 Rd1+ 27.Rf1 Qd7 28.Be3 Rd3 29.Bxc5 Rd8
30.Bd6 Rd2 31.Nxc3 Rc8 32.Qxb5  1-0

[Event "40th Olympiad Women"]
[Site "Istanbul TUR"]
[Date "2012.08.28"]
[Round "1.22"]
[White "Berzina,I"]
[Black "Nasriddinzoda,M"]
[Result "1-0"]
[WhiteElo "2306"]
[BlackElo "2023"]

1.e4 d6 2.d4 Nf6 3.Nc3 e5 4.Nf3 Nbd7 5.Bc4 Be7 6.O-O O-O 7.h3 a6 8.a4 b6
9.Qe2 c6 10.Rd1 Qc7 11.dxe5 dxe5 12.Nh4 Nc5 13.Nf5 Bxf5 14.exf5 b5 15.Bd3 Rad8
16.Bg5 Rfe8 17.Bxf6 Bxf6 18.Ne4 Nxa4 19.c4 bxc4 20.Bxc4 Nb6 21.Bxa6 Nd5 22.Bc4 Be7
23.Qh5 g6 24.Qf3 Bf8 25.Bxd5 cxd5 26.Nf6+  1-0

[Event "40th Olympiad Open"]
[Site "Istanbul TUR"]
[Date "2012.08.28"]
[Round "1.41"]
[White "Sanches,R"]
[Black "Pelletier,Y"]
[Result "0-1"]
[WhiteElo "2030"]
[BlackElo "2595"]

1.e4 d6 2.d4 Nf6 3.Nc3 e5 4.dxe5 dxe5 5.Qxd8+ Kxd8 6.Bg5 c6 7.O-O-O+ Ke8
8.Bc4 Nbd7 9.Nge2 b5 10.Bd3 Ng4 11.Bh4 Bc5 12.Rdf1 f6 13.h3 Nh6 14.f3 Nf7
15.Kb1 Ke7 16.Bf2 Rd8 17.Nc1 a5 18.a4 Bxf2 19.Rxf2 b4 20.Nd1 Nb6 21.b3 Be6
22.Nb2 Nd6 23.Rd1 c5 24.Rfd2 c4 25.bxc4 Ndxc4 26.Bxc4 Rxd2 27.Rxd2 Bxc4 28.Nb3 Bf7
29.Kc1 g5 30.Kb1 h5 31.Kc1 Be8 32.Nc5 Bc6 33.Kb1 g4 34.hxg4 hxg4 35.Kc1 g3
36.Rd1 Rh8 37.Nb3 Bxa4 38.Nxa4 Nxa4 39.Nxa5 Nc3 40.Nc6+ Kf7 41.Rd7+ Kg6 42.Nxb4 Rh1+
43.Kb2 Nd1+ 44.Kb3 Ne3 45.Rd8 Kg7 46.Rd7+ Kh6 47.Nd5 Nxg2 48.Rd8 Nh4 49.Ne3 Kg5
50.Rh8 Re1 51.Rxh4 Rxe3+  0-1

[Event "40th Olympiad Open"]
[Site "Istanbul TUR"]
[Date "2012.08.29"]
[Round "2.7"]
[White "Socko,B"]
[Black "Valdes,Le"]
[Result "1-0"]
[WhiteElo "2635"]
[BlackElo "2366"]

1.e4 d6 2.d4 Nf6 3.Nc3 e5 4.Nf3 exd4 5.Nxd4 Be7 6.Be2 O-O 7.O-O Re8 8.f4 Bf8
9.Bf3 c5 10.Nb3 Nc6 11.Re1 a5 12.a4 Nb4 13.Be3 Qb6 14.Nd2 Be6 15.f5 Bd7 16.g4 h6
17.h4 d5 18.exd5 h5 19.gxh5 Bxf5 20.Rc1 Qd6 21.Nf1 Rad8 22.Bg5 Rxe1 23.Qxe1 Nxc2
24.Qf2 Nd4 25.Ne3 Bd3 26.Bg2 Re8 27.Rd1 Bh7 28.Nc4 Qb8 29.Bxf6 gxf6 30.Qxf6 Be7
31.Qf2 Nf5 32.Ne4 Bxh4 33.Qf3 Qd8 34.Rf1 Kh8 35.Qc3+ f6 36.Rf4 Nd4 37.Qd2 Bxe4
38.Rxe4 Bg5 39.Qxa5 Qb8 40.Qe1 Rg8 41.Qf2 f5 42.Rxd4 cxd4 43.Qxd4+ Kh7 44.d6 Qe8
45.Kf1 Qxa4 46.Qd5 Qa1+ 47.Ke2 Qb1 48.Qxb7+ Rg7 49.Qb3 Bh4 50.Bf3 Qe1+ 51.Kd3 Qb1+
52.Kd4 Qg1+ 53.Kd5 Bf6 54.Qd3 Kh8 55.Ke6 Bh4 56.Qxf5 Qd4 57.Ne5 Qe3 58.Qe4 Qb3+
59.Qd5 Qe3 60.Qe4 Qb3+ 61.Qd5 Qe3 62.Be4 Qh3+ 63.Bf5 Qe3 64.Qe4 Qb3+ 65.Qc4 Qe3
66.Qxh4 Qb3+ 67.Qc4 Qb7 68.Ng6+ Rxg6+ 69.hxg6  1-0

[Event "40th Olympiad Women"]
[Site "Istanbul TUR"]
[Date "2012.08.29"]
[Round "2.7"]
[White "Dewi,A"]
[Black "Voiska,M"]
[Result "1/2-1/2"]
[WhiteElo "2143"]
[BlackElo "2281"]

1.e4 d6 2.d4 Nf6 3.Nc3 e5 4.Nf3 Nbd7 5.Bd3 Be7 6.O-O exd4 7.Nxd4 Nc5 8.Re1 Nxd3
9.Qxd3 O-O 10.Bg5 c6 11.Rad1 Qc7 12.Qc4 Qa5 13.Bh4 Re8 14.Nb3 Qh5 15.Bg3 Ng4
16.Qe2 Qh6 17.Nd4 Bh4 18.Bxh4 Qxh4 19.Nf3 Qe7 20.Qd2 Ne5 21.Nxe5 dxe5 22.Re3 Bg4
23.f3 Red8 24.Rd3 Rxd3 25.Qxd3 Qc5+ 26.Kf1 Be6 27.Qd8+ Qf8 28.Qxf8+ Kxf8
29.Kf2 b5 30.Ne2 Ke7 31.Nc1 a5 32.a3 f6 33.Nd3 Rd8 34.Ke1 Rd4 35.Nf2 c5 36.c3 Rxd1+
37.Nxd1 c4 38.Kd2 g6 39.Ke3 Kd6 40.Kd2 f5 41.Nf2 f4 42.Ke2 g5 43.h3 h5 44.Ke1 Ke7
45.Ke2 Kf6 46.Nh1 g4 47.hxg4 hxg4 48.fxg4 Kg5 49.Nf2 Bxg4+ 50.Kf1 Kh4 51.Kg1 Be2
52.Kh2 Bh5 53.Kg1 f3 54.Kh2 fxg2 55.Kxg2 Be2 56.Nh1 Kg4 57.Kf2 Bf3 58.Ng3 Kf4
59.Nf5 Kxe4 60.Nd6+ Kf4 61.a4 bxa4 62.Nxc4 Bd5 63.Nxa5 e4 64.c4 e3+ 65.Ke1 Be6
66.c5 Ke5 67.c6 Kd6 68.Nb7+ Kxc6 69.Nd8+ Kd6  1/2-1/2

[Event "40th Olympiad Open"]
[Site "Istanbul TUR"]
[Date "2012.08.29"]
[Round "2.40"]
[White "Gentilleau,JP"]
[Black "Liew Chee Meng Jimmy"]
[Result "0-1"]
[WhiteElo "2205"]
[BlackElo "2297"]

1.e4 d6 2.d4 Nf6 3.Nc3 e5 4.Nf3 Nbd7 5.g3 Be7 6.Bg2 c6 7.a4 a5 8.O-O O-O
9.b3 Qc7 10.Bb2 Re8 11.h3 Bf8 12.Qd2 b6 13.Rfe1 Bb7 14.Rad1 Rad8 15.Qc1 Bc8
16.Qa1 g6 17.Nb1 Bg7 18.dxe5 dxe5 19.Nxe5 Nxe5 20.Rxd8 Qxd8 21.Bxe5 Bxh3
22.Bxh3 Rxe5 23.Qxe5 Nh5 24.Qxg7+ Nxg7 25.Bf1 h5 26.Bd3 h4 27.Nd2 hxg3 28.fxg3 Qg5
29.Nf1 Ne6 30.Kf2 Nd4 31.Re3 Qc5 32.Kg2 Nxc2 33.Rf3 Ne1+  0-1

[Event "40th Olympiad Open"]
[Site "Istanbul TUR"]
[Date "2012.08.29"]
[Round "2.58"]
[White "Almedina Ortiz,E"]
[Black "Rowe,P"]
[Result "1-0"]
[WhiteElo "2247"]
[BlackElo "1987"]

1.e4 d6 2.d4 Nf6 3.Nc3 Nbd7 4.g4 h6 5.h3 e5 6.Nge2 c6 7.Bg2 g6 8.O-O Bg7
9.Be3 O-O 10.a4 a5 11.f4 exd4 12.Bxd4 Qe7 13.Qd2 Re8 14.Ng3 c5 15.Bf2 Nb6
16.b3 Bd7 17.Rad1 Bc6 18.Qxd6 Qxd6 19.Rxd6 Nfd7 20.Nb5 Re7 21.c4 Rae8 22.Rfd1 Nc8
23.R6d3 Ncb6 24.Na7 Re6 25.Nxc6 bxc6 26.Rxd7 Nxd7 27.Rxd7 Rb8 28.Rd3 Bd4
29.e5 g5 30.fxg5 hxg5 31.Nf5 Bxf2+ 32.Kxf2 Kh7 33.Nd6 Kg6 34.Bxc6 Rxe5 35.Bd5 f6
36.Ne4 Rc8 37.Rf3 f5 38.gxf5+ Rxf5 39.Rxf5  1-0

[Event "40th Olympiad Women"]
[Site "Istanbul TUR"]
[Date "2012.08.29"]
[Round "2.39"]
[White "Byun,S"]
[Black "Avelar,G"]
[Result "0-1"]
[WhiteElo "1566"]
[BlackElo "1939"]

1.e4 d6 2.d4 Nf6 3.Nc3 Nbd7 4.Nf3 e5 5.Bc4 Be7 6.O-O O-O 7.Re1 c6 8.a4 a5
9.h3 Re8 10.Ba2 Bf8 11.Ng5 Re7 12.dxe5 dxe5 13.Be3 h6 14.Nf3 Qc7 15.Nh4 Re8
16.Qd2 Nc5 17.Bxc5 Bxc5 18.Bc4 Be6 19.Bd3 Qb6 20.b3 Bb4 21.Nf3 Qc5 22.Bc4 Bxc4
23.bxc4 Rad8 24.Qe3 Qxc4 25.Red1 Bxc3 26.Rxd8 Rxd8 27.Rb1 Rd7 28.Qa7 Nxe4
29.Qb8+ Kh7 30.Nxe5 Bxe5 31.Qxe5 Qd5 32.Qxd5 cxd5 33.Rb5 Rc7 34.Rxd5 b6 35.Rb5 Rc6
36.Rf5 Kg6 37.Rf4 Nd6 38.Rg4+ Kh7 39.Rd4 Nc4 40.Kf1 Nb2 41.Ke1 Rxc2 42.g3 Rc4
43.Rxc4 Nxc4  0-1

[Event "40th Olympiad Open"]
[Site "Istanbul TUR"]
[Date "2012.08.29"]
[Round "2.43"]
[White "Kongsee,U"]
[Black "Cueto,Jo"]
[Result "0-1"]
[WhiteElo "2273"]
[BlackElo "2282"]

1.e4 d6 2.d4 Nf6 3.Nc3 e5 4.dxe5 dxe5 5.Qxd8+ Kxd8 6.Bg5 c6 7.O-O-O+ Nd7
8.Nf3 Kc7 9.Bxf6 gxf6 10.Bc4 Bh6+ 11.Kb1 Rf8 12.Ne2 Nc5 13.Ng3 Be6 14.Bd3 Rg8
15.Nh4 Rad8 16.Be2 Bf4 17.Bf3 Rxd1+ 18.Rxd1 Rd8 19.Rxd8 Kxd8 20.Nhf5 a5 21.b3 b5
22.Nh5 Bxh2 23.Nxf6 Bg1 24.Ng4 Nd7 25.Nfh6 Ke7 26.c3 f6 27.Kc2 Nc5 28.Nf5+ Bxf5
29.exf5 e4 30.Be2 h5 31.Nh6 Bxf2 32.Bxh5 Bh4 33.Be2 Nb7 34.Bh5 Nd6 35.Bg6 Nc8
36.Kd1 Nb6 37.Ng4 Nd5 38.Kc2 Nf4 39.Ne3 Bf2 40.Kd2 Bh4 41.Bh7 Bf2 42.c4 Kf8
43.Bg6 bxc4 44.Nxc4 Nxg2 45.Bh5 Ke7 46.a3 Bc5 47.Nxa5 Bxa3 48.Nxc6+ Kd6 49.Nd4 Bc5
50.Nc2 Ke5 51.b4 Ba7 52.Bg4 Kf4 53.Bh3 Nh4 54.b5 Kg3 55.Bf1 Kf2 56.Bc4 Nxf5
57.Nb4 Nd6 58.Be2 f5 59.Nd5 Nc8 60.Bh5 Bc5 61.Kc3 Nb6 62.Nxb6 Bxb6 63.Kc4 e3
64.Kd5 Bc7 65.b6 Bb8 66.Kd4 e2  0-1

[Event "8th Dieppe Open A 2012"]
[Site "Dieppe FRA"]
[Date "2012.08.30"]
[Round "7.3"]
[White "Marholev,D"]
[Black "Seret,JL"]
[Result "1-0"]
[WhiteElo "2364"]
[BlackElo "2379"]

1.e4 d6 2.d4 Nf6 3.Nc3 e5 4.Nf3 Nbd7 5.Bc4 Be7 6.O-O O-O 7.Re1 c6 8.a4 b6
9.d5 cxd5 10.Bxd5 Nxd5 11.Nxd5 Nf6 12.Nxf6+ Bxf6 13.c4 Be6 14.b3 a6 15.Ba3 Be7
16.Qd3 Qc7 17.Nd2 Kh8 18.Nf1 f5 19.exf5 Bxf5 20.Qe2 b5 21.cxb5 axb5 22.Qxb5 Rfb8
23.Qd5 Qd7 24.Nd2 Ra6 25.Nc4 Be6 26.Nxe5 Bxd5 27.Nxd7 Re8 28.Rac1 Kg8 29.a5  1-0

[Event "World Youth U16 Olympiad 2012"]
[Site "Istanbul TUR"]
[Date "2012.08.30"]
[Round "2.17"]
[White "Mithran,M"]
[Black "Hamdan,Marshool"]
[Result "0-1"]
[WhiteElo "1675"]
[BlackElo "1749"]

1.e4 d6 2.d4 Nf6 3.Nc3 Nbd7 4.Nf3 c6 5.Bd3 e5 6.O-O Be7 7.h3 O-O 8.Be3 Re8
9.a4 a5 10.Bc4 h6 11.d5 Nb6 12.Bb3 Bf8 13.Qd3 Qc7 14.Nh4 cxd5 15.exd5 e4
16.Qd4 Nbd7 17.Nb5 Qd8 18.Nf5 Ne5 19.Ng3 Bxh3 20.Qb6 Bc8 21.Nc7 Ned7 22.Ne6 Qxb6
23.Bxb6 fxe6 24.Bd4 exd5 25.Rfe1 Kh8 26.Ne2 Nc5 27.Nc3 Nxb3 28.cxb3 Be6 29.Nb5 Rac8
30.Na7 Rc2 31.Re3 Bd7 32.Rg3 Nh5 33.Re3 Nf4 34.Kf1 Nd3 35.Rg3 Re7  0-1

[Event "40th Olympiad Women"]
[Site "Istanbul TUR"]
[Date "2012.08.30"]
[Round "3.18"]
[White "Petrenko,S"]
[Black "Fierro Baquero,M"]
[Result "1-0"]
[WhiteElo "2199"]
[BlackElo "2384"]

1.e4 d6 2.d4 Nf6 3.Nc3 e5 4.dxe5 dxe5 5.Qxd8+ Kxd8 6.Bg5 Be7 7.O-O-O+ Nbd7
8.Nf3 Ng4 9.Bxe7+ Kxe7 10.Nd5+ Kd8 11.Rd2 c6 12.Nc3 Ke7 13.h3 Ngf6 14.g4 Re8
15.Nh4 g6 16.Nf3 Kf8 17.Rd6 Ke7 18.Rd2 b5 19.g5 Nh5 20.h4 Nf4 21.Ne2 Ne6
22.Bh3 Bb7 23.Rhd1 Rad8 24.Bxe6 fxe6 25.Nh2 Nc5 26.Rxd8 Rxd8 27.Rxd8 Kxd8
28.f3 Ke7 29.Ng4 Nd7 30.b4 Kd6 31.Nc3 a6 32.a4 Bc8 33.Kd2 Bb7 34.axb5 axb5
35.Nd1 c5 36.bxc5+ Kxc5 37.Nf6 Nf8 38.Nb2 Ba6 39.Nd3+ Kd6 40.Kc3 Bc8 41.Kb4 Bd7
42.Nxd7 Nxd7 43.Kxb5 Nb8 44.Nf2 Nc6 45.c3 Na7+ 46.Kc4 Nc6 47.Ng4 Na5+ 48.Kd3  1-0

[Event "40th Olympiad Women"]
[Site "Istanbul TUR"]
[Date "2012.08.30"]
[Round "3.29"]
[White "Pourkashiyan,A"]
[Black "Antonova,N"]
[Result "1-0"]
[WhiteElo "2313"]
[BlackElo "1909"]

1.e4 d6 2.d4 Nf6 3.Nc3 e5 4.dxe5 dxe5 5.Qxd8+ Kxd8 6.Bg5 c6 7.Nf3 Nd7 8.Bc4 Ke8
9.O-O b5 10.Bd3 h6 11.Bh4 Nh5 12.a4 b4 13.Nb1 Be7 14.Nbd2 g5 15.Bg3 f6 16.Nc4 Nc5
17.Na5 Bd7 18.Rfd1 Bd8 19.Nc4 Ke7 20.Nfxe5 fxe5 21.Bxe5 Bb6 22.a5 Nxd3 23.cxd3 Bc5
24.d4 Bxd4 25.Bxd4 Rhb8 26.Bc5+ Ke8 27.Nd6+ Kd8 28.Nf7+ Ke8 29.Nxh6 Rb5 30.Bd6 Nf6
31.f3 Be6 32.Rac1 Rc8 33.Rc5 b3 34.Nf5 Bxf5 35.exf5 Rxc5 36.Bxc5 Rc7 37.Rd3 Rb7
38.Rd6 Rb5 39.Bd4 Rd5 40.Re6+  1-0

[Event "40th Olympiad Open"]
[Site "Istanbul TUR"]
[Date "2012.08.30"]
[Round "3.56"]
[White "Puntier,W"]
[Black "Mannhart,M"]
[Result "1-0"]
[WhiteElo "2312"]
[BlackElo "2066"]

1.e4 d6 2.d4 Nf6 3.Nc3 c6 4.Nf3 Bg4 5.Be2 e6 6.O-O Be7 7.a4 O-O 8.Be3 Bxf3
9.Bxf3 d5 10.g3 Na6 11.Bg2 Rc8 12.h3 b6 13.e5 Nd7 14.f4 Nc7 15.f5 exf5 16.Rxf5 f6
17.Qg4 fxe5 18.dxe5 Rxf5 19.Qxf5 Nc5 20.Rd1 Qd7 21.Qf2 Rf8 22.Qe2 Qf5 23.Bc1 N5e6
24.Kh2 Qg6 25.h4 Bc5 26.h5 Qe8 27.Qg4 a5 28.Ne2 Rf2 29.c3 Na6 30.Nf4 Nxf4
31.gxf4 Nc7 32.Kg3 Rc2 33.Qf5 Re2 34.Bf3 Rf2 35.b4 axb4 36.cxb4 Rxf3+ 37.Kxf3 Bxb4
38.Be3 c5 39.Rg1 Ne6 40.Qg4 Qf7 41.f5 Bc3 42.Ke2 Nd4+ 43.Bxd4 Bxd4 44.Rb1 Bxe5
45.Rxb6 d4 46.Re6 Bf6 47.Qf3 h6 48.Qa8+ Kh7 49.Qe8 Qxe8 50.Rxe8 c4 51.Rc8 d3+
52.Kd2 Bg5+ 53.Kd1  1-0

[Event "40th Olympiad Women"]
[Site "Istanbul TUR"]
[Date "2012.08.30"]
[Round "3.12"]
[White "Kochetkova,J"]
[Black "Borsuk,A"]
[Result "1-0"]
[WhiteElo "2305"]
[BlackElo "2266"]

1.e4 d6 2.d4 Nf6 3.Nc3 e5 4.Nf3 Nbd7 5.Bc4 Be7 6.O-O O-O 7.Re1 a6 8.a4 b6
9.h3 Bb7 10.Bg5 c6 11.Ba2 h6 12.Bh4 Re8 13.Qd3 b5 14.axb5 axb5 15.b4 exd4
16.Nxd4 Ne5 17.Qd2 Ng6 18.Bg3 Nh5 19.Bh2 Bg5 20.Qd1 Nhf4 21.Nf5 Bf6 22.Nxd6 Bxc3
23.Bxf7+ Kh7 24.Rxa8 Bxa8 25.Bxe8 Bxe1 26.Bxg6+ Nxg6 27.Qxe1 Qg5 28.Nf5 c5
29.Bg3 Nf8 30.bxc5 Ne6 31.f3 g6 32.Ne3 Qxc5 33.Bf2 Qa3 34.Qd1 Bc6 35.Ng4 h5
36.Ne5 Be8 37.Qd5 Nf4 38.Qb7+ Kg8 39.Qb8 Qf8 40.Kh1 g5 41.Bc5 Qxc5 42.Qxe8+ Qf8
43.Qxb5 h4 44.Nd7 Qe7 45.Qf5 Ne2 46.Qg6+ Kh8 47.Qf6+ Qxf6 48.Nxf6 Kg7 49.e5 Kf7
50.Ne4  1-0

[Event "40th Olympiad Women"]
[Site "Istanbul TUR"]
[Date "2012.08.30"]
[Round "3.32"]
[White "Guimaraes,Artemis Pamela"]
[Black "Avelar,G"]
[Result "1/2-1/2"]
[WhiteElo "1996"]
[BlackElo "1939"]

1.e4 d6 2.d4 Nf6 3.Nc3 Nbd7 4.Nf3 e5 5.Bc4 Be7 6.O-O O-O 7.Re1 c6 8.a4 a5
9.b3 h6 10.Bb2 Qc7 11.Qd2 Re8 12.Rad1 Nf8 13.Bd3 Bg4 14.Ne2 Bxf3 15.gxf3 Nh5
16.Ng3 Bg5 17.Qc3 Nf4 18.Bf1 N8g6 19.Nf5 Nh4 20.Nxh4 Bxh4 21.Bc1 Bg5 22.Bg2 Re6
23.Kh1 Rg6 24.Bf1 Qe7 25.dxe5 dxe5 26.Qc4 Qf6 27.Be3 Bh4 28.Bxf4 Qxf4 29.Qe2 Rg5
30.Bh3 Rh5 31.Bg4 Rg5 32.Qd2 h5 33.Qxf4 exf4 34.Bh3 Bxf2 35.Re2 Be3 36.Rg2 Rxg2
37.Kxg2 Re8 38.Rd7 Re5 39.Rxb7 Rg5+ 40.Kf1 Rg1+ 41.Ke2 Rc1 42.Rb8+ Kh7 43.Kd3 Rd1+
44.Kc3 Rd2 45.Rb7 Kg6 46.Bd7 Rxh2 47.Be8 Bd2+ 48.Kd3 Be3 49.Rxf7 Kh6 50.Rc7 Rd2+
51.Kc3 Rd6 52.Bxc6 g6 53.Bd5 Kg5 54.Kd3 Kh4 55.c4 Kg3 56.e5 Rd8 57.e6 h4
58.Rg7 Rh8 59.e7 Bc5 60.Rxg6+ Kf2 61.Rg8 Rxg8 62.Bxg8 Bxe7 63.Be6 Kxf3 64.Bd5+ Kg3
65.Ke2 Bc5 66.Be4 h3 67.Bd5 Bd4 68.Bc6 Be3 69.Bd5 Kh2 70.Kf1 Kg3 71.Ke2 Kh2
72.Kf1  1/2-1/2

[Event "Botvinnik Memorial 2012"]
[Site "St Petersburg RUS"]
[Date "2012.08.30"]
[Round "6.59"]
[White "Emdin,M"]
[Black "Shushpanov,V"]
[Result "1-0"]
[WhiteElo "2109"]
[BlackElo "2318"]

1.e4 d6 2.d4 Nf6 3.Nc3 c6 4.Nf3 Bg4 5.h3 Bh5 6.Be2 e6 7.O-O Be7 8.Nh2 Bxe2
9.Qxe2 d5 10.e5 Nfd7 11.Qg4 g6 12.Ne2 c5 13.c3 Nc6 14.Be3 cxd4 15.cxd4 Qb6
16.Rab1 O-O-O 17.b4 Kb8 18.Nc3 Nxb4 19.Nxd5 exd5 20.a3 Qe6 21.axb4 Qxg4 22.hxg4 Rc8
23.g5 Nf8 24.f4 Rc4 25.b5 Ne6 26.Rfd1 Rhc8 27.Ng4 Rc2 28.Nh6 Nd8 29.Ng8 R8c7
30.Rdc1 Rxc1+ 31.Rxc1 Rxc1+ 32.Bxc1 Bb4 33.Nf6 Bc3 34.Be3 Ne6 35.Nxd5 Bxd4
36.Kf2 a5 37.bxa6 bxa6 38.Bxd4 Nxd4 39.Ke3 Ne6 40.Kd3 Kb7 41.Kc4 Kc6 42.Nb4+ Kd7
43.Nd5 Nc7 44.Nxc7 Kxc7 45.g4 Kc6 46.f5 a5 47.e6 fxe6 48.f6 Kd7 49.Kb5 Kd6
50.Kxa5 Kd7 51.Kb5 Kd6 52.Kb4 Kd7 53.Kc5 Ke8 54.Kd6 Kf7 55.Ke5 Kf8 56.Kxe6 Ke8
57.Kd6 Kf7 58.Kd7 Kf8 59.Ke6 Ke8 60.f7+ Kf8 61.Kf6 h6 62.gxh6 g5 63.Kg6  1-0

[Event "37th Trade Fair Open A"]
[Site "Brno CZE"]
[Date "2012.08.31"]
[Round "7"]
[White "Lanc,A"]
[Black "Plat,V"]
[Result "1/2-1/2"]
[WhiteElo "2406"]
[BlackElo "2480"]

1.e4 d6 2.d4 Nf6 3.Nc3 e5 4.Nf3 Nbd7 5.Bc4 Be7 6.O-O O-O 7.Re1 c6 8.a4 Qc7
9.h3 b6 10.d5 Bb7 11.dxc6 Bxc6 12.Bg5 Rae8 13.Bxf6 Nxf6 14.Bb5 Rd8 15.Bxc6 Qxc6
16.Qd3 g6 17.Rad1 Rc8 18.Nd2 Rfd8 19.Nf1 Bf8 20.Qf3 Nh5 21.Ne3 Bg7 22.Ned5 Qd7
23.Qg4 Nf4 24.Qxd7 Rxd7 25.Ra1 f5 26.a5 Nxd5 27.Nxd5 bxa5 28.c3 Rb8 29.Re2 Rb5
30.f3 Rdb7 31.b4 axb4 32.cxb4 Bh6 33.Ra6 Kf7 34.Rea2 Ke6 35.Kf2 fxe4 36.fxe4 Rf7+
37.Ke2 Rbb7 38.g3 Bg5 39.Rc2 Kd7 40.Rcc6 Be7 41.Rc3 Bd8 42.Raa3 Bb6 43.Nxb6+ axb6
44.b5  1/2-1/2

[Event "40th Olympiad Women"]
[Site "Istanbul TUR"]
[Date "2012.08.31"]
[Round "4.40"]
[White "Hamid,R"]
[Black "Nasriddinzoda,M"]
[Result "0-1"]
[WhiteElo "1952"]
[BlackElo "2023"]

1.e4 d6 2.d4 Nf6 3.Nc3 e5 4.dxe5 dxe5 5.Qxd8+ Kxd8 6.Bg5 c6 7.O-O-O+ Nd7
8.Nf3 Ke8 9.Bc4 b5 10.Bd3 Bc5 11.Bh4 Bb6 12.Bg3 Bc7 13.Ne2 Nh5 14.c4 a6 15.Kb1 Nxg3
16.Nxg3 g6 17.cxb5 cxb5 18.Bc2 Ke7 19.Bb3 h6 20.h4 Nf6 21.Rc1 Bd6 22.h5 g5
23.Rhd1 Be6 24.Rc6 Rhd8 25.Bd5 Nxd5 26.exd5 Bd7 27.Rc2 Rac8 28.Re2 f6 29.Nd4 Kf7
30.Ndf5 Bf8 31.Ne3 Rc5 32.Ne4 Rcc8 33.g4 Bc5 34.f3 a5 35.Nf1 f5 36.Nxc5 Rxc5
37.Ne3 f4 38.Nc2 Bc6 39.Rxe5 Rcxd5 40.Rdxd5 Bxd5 41.Nd4 Bxa2+ 42.Kxa2 Rxd4
43.Rxb5 a4 44.Rb6 Kg7 45.Rg6+ Kh7 46.Rc6 Kg7 47.Ka3 Kh7 48.Rc7+ Kg8 49.Ka2 Rb4
50.Rc3 Kf7 51.Kb1 Rb6 52.Kc2 Ke6 53.Rc4 Ra6 54.Rc3 Kd5 55.Rd3+ Kc4 56.Rd7 Re6
57.Rc7+ Kd4 58.Kd2 Rb6 59.Rd7+ Kc4 60.Kc2 Re6 61.Rc7+ Kd4 62.Kd2 Rb6 63.Rd7+ Kc4
64.Kc2 Rb3 65.Rc7+ Kd4 66.Ra7 Rxf3 67.Rxa4+ Ke3 68.Ra6 Rg3 69.Rxh6 f3 70.Rf6 Rxg4
71.h6 Rh4 72.Re6+ Kf2 73.Rg6 g4 74.b4 g3 75.b5 g2 76.b6 g1=Q 77.Rxg1 Kxg1
78.b7 f2 79.b8=Q f1=Q  0-1

[Event "40th Olympiad Open"]
[Site "Istanbul TUR"]
[Date "2012.08.31"]
[Round "4.40"]
[White "Ebeling,D"]
[Black "Liew Chee Meng Jimmy"]
[Result "1-0"]
[WhiteElo "2350"]
[BlackElo "2297"]

1.e4 d6 2.d4 Nf6 3.Nc3 e5 4.dxe5 dxe5 5.Qxd8+ Kxd8 6.Bg5 Be6 7.O-O-O+ Nd7
8.f4 exf4 9.Nf3 Kc8 10.Bxf4 Ng4 11.Nb5 Nf2 12.Nxc7 Nxh1 13.Nxa8 Nf2 14.Re1 Bb4
15.c3 Ba5 16.b4 Bd8 17.Nd4 Ng4 18.Nc6 Bb6 19.Nxb6+ axb6 20.Nd4 Nge5 21.Nxe6 fxe6
22.Be2 Rf8 23.Bg3 Kd8 24.Rf1 Rxf1+ 25.Bxf1 Ng6 26.Kd2 Nf6 27.Bd3 e5 28.Ke3 Kc7
29.Be2 Kd6 30.a4 Ne7 31.Bh4 Ng6 32.Bg3 Ne7 33.h3 g5 34.Bf2 Ng6 35.g3 Ne7
36.Kf3 Kc7 37.Be3 h6 38.Bc1 Nc8 39.Bd3 Nd6 40.Be3 Nf7 41.Bc1 g4+ 42.hxg4 Ng5+
43.Bxg5 hxg5 44.Bc4 Kd6 45.Bf7 Kc6 46.Be6 Kd6 47.Bf7 Kc6 48.Be6 Kd6 49.Bf5 Kc7
50.Ke3 Kc6 51.Kd3 Ne8 52.Be6 Kd6 53.Bd5 Kc7 54.Bf7 Nf6 55.Be6 Kd6 56.Bf5 Kc6
57.Kc4 Ne8 58.Bg6 Nf6 59.Bf5 Ne8 60.Kb3 Nf6 61.c4 Ne8 62.Kc3 Kd6 63.Kd3 Nf6
64.Bc8 Kc7 65.Be6 Kd6 66.Bf5 Ne8 67.Ke3 Nf6 68.Kf3 Kc6 69.Be6 Kd6 70.Bd5 Kc7
71.Be6 Kd6 72.Bf7 Kc6 73.Bh5 Kd6 74.Bg6 Kc6 75.Bf5 Kd6 76.Kf2 Kc6 77.Ke2 Kd6
78.Kd2 Ne8 79.Kc2 Kc6 80.Kc3 Kd6 81.Kb3 Kc6 82.Kc2 Kd6 83.Kc1 Kc6 84.Kd2 Kd6
85.Kd3 Kc6 86.Be6 Kd6 87.Bd5 Kc7 88.c5 bxc5 89.bxc5 Nf6 90.Be6 Kc6 91.Kc4 Kc7
92.Bf5 Kc6 93.a5 Ne8 94.Be6 Nf6 95.Bd5+ Kc7 96.Kb5 Ne8 97.c6 bxc6+ 98.Bxc6 Nd6+
99.Kc5 Nc8 100.a6 Kb8  1-0

[Event "40th Olympiad Women"]
[Site "Istanbul TUR"]
[Date "2012.08.31"]
[Round "4.31"]
[White "Botalova,Y"]
[Black "Bedrosian,D"]
[Result "1-0"]
[WhiteElo "1949"]
[BlackElo "1796"]

1.e4 d6 2.d4 Nf6 3.Nc3 Nbd7 4.Nf3 e5 5.Bc4 Be7 6.O-O O-O 7.Re1 c6 8.a4 b6
9.Qe2 a6 10.Bg5 Bb7 11.Rad1 Qc7 12.Bb3 b5 13.axb5 cxb5 14.dxe5 dxe5 15.Nd5 Nxd5
16.Bxd5 Bxg5 17.Nxg5 Bxd5 18.Rxd5 Nf6 19.Rd3 Rfd8 20.Red1 h6 21.Nf3 Rxd3
22.Qxd3 Rc8 23.Ne1 Qc6 24.f3 Nh5 25.Qd6 f6 26.Qxc6 Rxc6 27.Kf2 Kf8 28.c3 Ke7
29.Ke3 Rd6 30.Ra1 Nf4 31.g3 Ne6 32.Nd3 Kd7 33.Nb4 Nc7 34.Nd3 Ne6 35.b4 Rc6
36.Kd2 Kc7 37.Ne1 Kb6 38.Ra3 Rd6+ 39.Ke2 g6 40.Nd3 Rc6 41.f4 exf4 42.gxf4 g5
43.f5 Nc7 44.Nc5 Rd6 45.Ra1 h5 46.e5 fxe5 47.f6 Rd8 48.Rd1 Nd5 49.Rxd5 Rxd5
50.f7  1-0

[Event "40th Olympiad Women"]
[Site "Istanbul TUR"]
[Date "2012.08.31"]
[Round "4.9"]
[White "Lahno,Kateri"]
[Black "Peng Zhaoqin"]
[Result "1-0"]
[WhiteElo "2542"]
[BlackElo "2411"]

1.e4 d6 2.d4 Nf6 3.Nc3 e5 4.Nf3 Nbd7 5.Bc4 Be7 6.O-O O-O 7.Re1 c6 8.a4 b6
9.Be3 a6 10.Nh4 Rb8 11.Nf5 b5 12.axb5 axb5 13.Ba2 b4 14.Na4 exd4 15.Bxd4 c5
16.Be3 Ne5 17.Nxe7+ Qxe7 18.f4 Bg4 19.Qc1 Nc6 20.e5 Nd7 21.h3 Bf5 22.Qd2 dxe5
23.fxe5 Rfc8 24.Qf2 Be6 25.Nxc5 Bxa2 26.Nxd7 Qxd7 27.Rxa2 Nxe5 28.Bf4 f6
29.Bxe5 fxe5 30.Rxe5 Rf8 31.Qg3 Qd1+ 32.Kh2 Rb7 33.Qb3+ Kh8 34.Raa5 h6 35.Rad5 Qc1
36.Rd4 Rbf7 37.Re8 Rxe8 38.Qxf7 Rg8 39.Rxb4 Qxc2 40.Rb7 Qd2 41.Qc7 Kh7 42.b4 Qd4
43.Rb8 Rxb8 44.Qxb8 g5 45.b5 g4 46.Qc7+ Kg6 47.b6 gxh3 48.b7 hxg2 49.Qg3+ Kh7
50.b8=Q g1=Q+ 51.Qxg1 Qh4+ 52.Kg2 Qe4+ 53.Kh3 Qf5+ 54.Qg4 Qf1+ 55.Kh2 Qf2+
56.Qg2 Qh4+ 57.Kg1 Qd4+ 58.Qf2 Qd1+ 59.Kg2 Qd5+ 60.Qf3 Qd2+ 61.Kh3 Qd7+ 62.Kh2 Qd2+
63.Qg2  1-0